|
|
|
|
| LEADER |
00968nam a2200241 a 4500 |
| 001 |
GR-Patra16183 |
| 008 |
030925s1999 gr e 000 0 eng d |
| 020 |
|
|
|a 9607478878
|
| 040 |
|
|
|a GrPaTEI
|b gre
|c GR-PaULI
|
| 040 |
|
|
|a GrPaTEI
|b gre
|c GR-PaULI
|
| 082 |
|
0 |
|a 302.23
|2 21
|
| 100 |
1 |
|
|a Ramone, Ignacio
|
| 245 |
1 |
2 |
|a Η τυραννία των ΜΜΕ /
|c Ιγνάσιο Ραμονέ ; μετάφραση Φωτεινή Μουρκούση.
|
| 260 |
|
|
|a Αθήνα :
|b Πόλις,
|c c1999
|
| 300 |
|
|
|a 164σ.
|
| 504 |
|
|
|a Βιβλιογραφία: σ.162-163
|
| 650 |
|
4 |
|a Μέσα μαζικής ενημέρωσης
|
| 700 |
1 |
|
|a Μουρκούση, Φωτεινή
|
| 710 |
0 |
|
|a Πόλις
|
| 942 |
|
|
|2 ddc
|
| 952 |
|
|
|0 0
|1 0
|2 ddc
|4 0
|6 302_230000000000000_RAM
|7 0
|9 295463
|a LISK
|b LISK
|c BSC
|d 2021-01-17
|e 24
|f 0
|g 0.00
|l 0
|o 302.23 RAM
|p 92410017728
|r 2021-01-17 00:00:00
|t 1
|w 2021-01-17
|y BK15
|x 20030925 0 1
|x GrPaTEI
|
| 971 |
|
|
|a .b26636980
|b 16-04-20
|c 23-09-16
|
| 999 |
|
|
|c 172456
|d 172456
|